000 00204nam a2200097Ia 4500
008 220204s9999 xx 000 0 und d
082 _a82-3
_bMIN
100 _aMinahan, J
245 0 _aJanitor
942 _cBK
999 _c37762
_d37762